| 000 | 00886nam a22002177a 4500 | ||
|---|---|---|---|
| 003 | BD-DhUL | ||
| 005 | 20171221100544.0 | ||
| 008 | 161026b2006 ii |||| |||| 000 0 ben d | ||
| 020 | _a8184370113 | ||
| 040 |
_aBD-DhUL _cBD-DhUL |
||
| 082 |
_a891.449 _bROB |
||
| 100 | 1 | _aরায়চৌধুরী, পার্শ্বনাথ | |
| 245 | _aবড়ু চণ্ডীদাসের শ্রীকৃষ্ণকীর্তন কাব্যের পুনর্মূল্যায়ন / | ||
| 250 | _aসংশোধিত ও পরিমার্জিত ২য় | ||
| 260 |
_aনয়াদিল্লী : _bকরুণা _c২০০৬. |
||
| 300 |
_a২৭২ পৃ. : _c২১ সে.মি.। |
||
| 650 | _aবাংলা পত্র | ||
| 650 | _aBengali Letter | ||
| 700 | _aশ্রীসুকুমার সেন | ||
| 942 |
_2ddc _cBK |
||
| 999 |
_c118347 _d118347 |
||